000
00306nam a2200121Ia 4500
008
210430s9999 xx 000 0 und d
082
_a
301C236 E
100
_a
Thodore Caplow
245
_a
Elementary Sociology
_c
Thodore Caplow
260
_a
islamabad
_b
Thodore
_c
2010
300
_a
681p
942
_c
BK
_2
ddc
999
_c
563227
_d
563227